Gaming Quiz

Random Gaming or Video Games Quiz

One in a Group Blitz - Gaming Quiz Stats

 Plays Quiz Updated Apr 7, 2019

Score 0/20 Timer 02:00
1 Play Today
Hint Answer % Correct
Clue WeaponsMurderous!
92.9%
Chess PiecesCheckmate!
90.4%
Original Super Smash Bros Starting CharactersSmashing!
89.6%
10 point Scrabble tilesPoint Taken!
82.7%
Hands that Beat a Flush in PokerUp the Ante!
82.2%
Face Cards in a Standard DeckKingly!
82.1%
Minecraft OresOre-namental!
81.6%
Nintendo Home ConsolesNo Consolance Necessary!
80.8%
Asian Risk TerritoriesNo Risk Involved!
74.7%
Battleship PiecesStill Afloat!
74.1%
Hint Answer % Correct
Non-Number Uno CardsNumero Uno!
71.2%
Call of Duty GamesDutiful!
67.4%
Trivial Pursuit Categories (Standard Game)Not So Trivial!
67.2%
Catan resourcesNever Settle!
66.5%
Original Three Starting PokémonI choose you!
65.1%
Original Operation AilmentsOperational!
61%
Legend of Zelda Games released on the Nintendo 64Legendary!
58.9%
Monopoly Red Properties (US/UK)Stately!
54.1%
Fourth Generation Pokémon GamesGo Fourth!
41%
Dungeons and Dragons alignmentsWell Aligned!
27.2%

You're not logged in!

Compare scores with friends on all Sporcle quizzes.
OR
Log In

Sporcle TV

Today on Sporcle TV


Watch our educational content, quiz creation guides, and fun videos on Sporcle TV.

Show Comments

Extras

Top Quizzes Today


Score Distribution

Your Account Isn't Verified!

In order to create a playlist on Sporcle, you need to verify the email address you used during registration. Go to your Sporcle Settings to finish the process.

Report this User

Report this user for behavior that violates our Community Guidelines.

Details: